[Event "Goch op 19th"]
[Site "Goch"]
[Date "2008.10.11"]
[Round "5"]
[White "Stergar, Lothar"]
[Black "Gaul, Hans Guenter"]
[Result "1-0"]
[WhiteElo "1959"]
[BlackElo "1514"]
[PlyCount "79"]
[EventDate "2008.10.09"]
[EventType "swiss"]
[EventRounds "7"]
[EventCountry "GER"]
[SourceTitle "EXT 2011"]
[Source "ChessBase"]
[SourceDate "2010.11.26"]
[SourceVersion "1"]
[SourceVersionDate "2010.11.26"]
[SourceQuality "1"]

1. e4 e5 2. Nf3 Nc6 3. Bb5 Nge7 4. 0-0 a6 5. Ba4 g6 6. c3 Bg7 7. d3 0-0 8. Nbd2 b5 9. Bc2 Bb7 10. Re1 f5 11. exf5 Nxf5 12. Ne4 d6 13. Nfg5 Qd7 14. Bb3+ Kh8 15. Ne6 Rfe8 16. Nxg7 Kxg7 17. Qg4 Bc8 18. Qh3 h5 19. Bg5 Rf8 20. Rad1 Nh6 21. Bxh6+ Kxh6 22. Qe3+ Kg7 23. d4 exd4 24. cxd4 Qe7 25. Qd2 Bb7 26. Ng5 Qf6 27. Ne6+ Kh7 28. Nxf8+ Rxf8 29. Re6 Qh4 30. Bc2 Ne7 31. Qe2 Rf7 32. Re1 Qg5 33. g3 Qd5 34. Qe4 Qc4 35. Qxb7 Qxc2 36. Rxe7 Qxf2+ 37. Kh1 Kh6 38. Qg2 c5 39. Qxf2 Rxf2 40. R1e2 1-0

[Event "Goch op 18th"]
[Site "Goch"]
[Date "2007.10.04"]
[Round "1"]
[White "Gaul, Hans Guenter"]
[Black "Weber, Rolf"]
[Result "1-0"]
[WhiteElo "1493"]
[BlackElo "2052"]
[PlyCount "59"]
[EventDate "2007.10.04"]
[EventType "swiss"]
[EventRounds "7"]
[EventCountry "GER"]
[SourceTitle "EXT 2011"]
[Source "ChessBase"]
[SourceDate "2010.11.26"]
[SourceVersion "1"]
[SourceVersionDate "2010.11.26"]
[SourceQuality "1"]

1. e4 e6 2. Nc3 d5 3. exd5 exd5 4. d4 Bf5 5. Bd3 Bxd3 6. Qxd3 c6 7. Nf3 Bd6 8. 0-0 Ne7 9. Ne2 Qc7 10. b3 Nd7 11. c4 b6 12. a4 0-0 13. Ba3 dxc4 14. bxc4 c5 15. Bb2 Ng6 16. Rfd1 Rad8 17. Qc3 f6 18. a5 Rfe8 19. Ng3 Nf4 20. Kf1 cxd4 21. Nxd4 Be5 22. Qb4 bxa5 23. Qxa5 Qxc4+ 24. Kg1 Nd3 25. Ra4 Nxb2 26. Rxc4 Nxd1 27. Nc6 Bc3 28. Qd5+ Kh8 29. Re4 Nb6 30. Nxd8 1-0

[Event "Goch op 17th"]
[Site "Goch"]
[Date "2006.10.14"]
[Round "4"]
[White "Rieger, Mario"]
[Black "Gaul, Hans Guenter"]
[Result "1/2-1/2"]
[WhiteElo "1757"]
[BlackElo "1461"]
[PlyCount "150"]
[EventDate "2006.10.12"]
[EventType "swiss"]
[EventRounds "7"]
[EventCountry "GER"]
[SourceTitle "EXT 2008"]
[Source "ChessBase"]
[SourceDate "2007.11.25"]
[SourceVersion "1"]
[SourceVersionDate "2007.11.25"]
[SourceQuality "1"]

1. d4 f5 2. g3 Nf6 3. c4 e6 4. Bg2 Be7 5. Nc3 0-0 6. Qb3 c6 7. d5 Na6 8. Bf4 Ne8 9. Rd1 Qb6 10. Qxb6 axb6 11. a3 Bf6 12. Na4 e5 13. Nxb6 Rb8 14. Bc1 Be7 15. dxc6 dxc6 16. Nxc8 Rxc8 17. Rd7 Rc7 18. Rxc7 Nexc7 19. Nf3 Bf6 20. Bg5 e4 21. Bxf6 Rxf6 22. Nd2 Rd6 23. Nb3 b6 24. 0-0 Ne6 25. Rc1 Nac5 26. Nxc5 Nxc5 27. Rc2 Rd1+ 28. Bf1 Nb3 29. Kg2 Rd2 30. Rxd2 Nxd2 31. e3 c5 32. Be2 Kf7 33. b4 Nb1 34. bxc5 bxc5 35. a4 Ke7 36. Bd1 Nd2 37. Be2 Kd7 38. Kh3 h6 39. g4 Nb1 40. gxf5 Nc3 41. Bg4 Nxa4 42. f6+ Ke8 43. fxg7 Kf7 44. Kg3 Nb6 45. Kf4 Kxg7 46. Be6 Kf6 47. Bg8 Nd7 48. Kxe4 Ke7 49. Bd5 Kd6 50. Kd3 Ne5+ 51. Ke2 Ng4 52. h3 Nf6 53. e4 Nh5 54. Ke3 Ke5 55. Bf7 Nf4 56. Bd5 Nxh3 57. f3 Nf4 58. Kf2 Nh3+ 59. Kg3 Nf4 60. Kg4 Ng2 61. Kh5 Ne1 62. Kg4 Ng2 63. Kg3 Nf4 64. Bb7 Ne2+ 65. Kg4 Nf4 66. Bc8 Ne2 67. Kh5 Nd4 68. Bg4 Ne2 69. Kxh6 Nf4 70. Kg5 Ng2 71. Bf5 Nf4 72. Kh6 Ng2 73. Kg7 Ne3 74. f4+ Kxf4 75. Kf6 Nxc4 1/2-1/2